| 000 | 00429pab a2200157 454500 | ||
|---|---|---|---|
| 008 | 180718b1960 xxu||||| |||| 00| 0 eng d | ||
| 100 | _aBhave, S.V. | ||
| 245 | _aNumerical indices to measure the performance of administrative units | ||
| 260 | _c1960 | ||
| 300 | _ap.177-184. | ||
| 362 | _aApr-Jun | ||
| 650 | _aPerformance appraisal | ||
| 773 | _aIndian Journal of Public Administration | ||
| 908 | _aN | ||
| 909 | _a100505 | ||
| 999 |
_c100504 _d100504 |
||